Routledge handbook of biomechanics and human movement science / (رقم التسجيلة. 31614)
[ عرض عادي ]
| 000 -الفاتح | |
|---|---|
| حقل البيانات ثابتة الطول | 00885cam a22002898a 4500 |
| 001 - رقم الضبط | |
| رقم الضبط | 16073022 |
| 003 - محدد رقم الضبط | |
| رقم الضبط | OSt |
| 005 - وقت وتاريخ اخر تعامل مع التسجيلة | |
| رقم الضبط | 20150408114146.0 |
| 008 - عناصر البيانات ثابتة الطول - معلومات عامة | |
| حقل البيانات ثابتة الطول | 100128s2010 enk 000 0 eng |
| 010 ## - رقم ضبط مكتبة الكونجرس | |
| رقم ضبط مكتبة الكونجرس | 2010003817 |
| 020 ## - الرقم الدولى المعيارى للكتب | |
| الرقم الدولى المعيارى للكتاب | 9780415576932 (pbk) |
| 040 ## - مصدر الفهرسة | |
| وكالة الفهرسة الأصلية | DLC |
| وكالة النسخ | DLC |
| 050 00 - رقم طلب مكتبة الكونجرس | |
| رقم التصنيف | QP303 |
| رقم المادة | .R686 2010 |
| 082 00 - رقم تصنيف ديوى العشرى | |
| رقم التصنيف | 610.284 |
| رقم الطبعة | 22 |
| رقم المادة | ROH |
| 245 00 - بيان العنوان | |
| العنوان | Routledge handbook of biomechanics and human movement science / |
| بيان المسئوليه,etc | edited by Youlian Hong and Roger Bartlett. |
| 250 ## - بيان الطبعة | |
| بيان الطبعة | 2nd ed. |
| 260 ## - PUBLICATION, DISTRIBUTION, ETC. (IMPRINT) | |
| مكان الناشر او الموزع | Abingdon, Oxon, England ; |
| -- | New York : |
| اسم الناشر او الموزع | Routledge, |
| تاريخ النشر أو التوزيع | c2010. |
| 263 ## - تاريخ النشر المتوقع | |
| تاريخ النشر المتوقع | 1007 |
| 300 ## - الوصف المادى | |
| التعداد | p. cm. |
| 650 #0 - المدخل الاضافى بالموضوع-مصطلح موضوعى | |
| مصطلح موضوعي أو اسم جغرافي كعنصر مدخل | Biomechanics. |
| 650 #0 - المدخل الاضافى بالموضوع-مصطلح موضوعى | |
| مصطلح موضوعي أو اسم جغرافي كعنصر مدخل | Human mechanics. |
| 9 (RLIN) | 10178 |
| 700 1# - المدخل الاضافى - اسم شخصى | |
| الإسم الشخصى | Hong, Youlian, |
| التواريخ المصاحبة للاسم | 1946- |
| 9 (RLIN) | 38687 |
| 700 1# - المدخل الاضافى - اسم شخصى | |
| الإسم الشخصى | Bartlett, Roger. |
| 9 (RLIN) | 38688 |
| 906 ## - عنصر بيانات محلى F, LDF (RLIN) | |
| a | 7 |
| b | cbc |
| c | orignew |
| d | 1 |
| e | ecip |
| f | 20 |
| g | y-gencatlg |
| 942 ## - عناصر المدخل الإضافي( كوها) | |
| مصدر التصنيف او مخطط الترفيف | Dewey Decimal Classification |
| Koha [default] item type | كتاب |
| حالة الفقد | نموذج السعر الفعال | حالة تلف | ليس للاعارة | رقم الطلب | تاريخ الاكتساب | الموقع الحالي | الباركود | الفرع الرئيسي | Date last seen | نوع المادة فى نظام كوها | مصدر التصنيف او خطة الترفيف | Total Checkouts |
|---|---|---|---|---|---|---|---|---|---|---|---|---|
| 2013-10-30 | 610.284 ROH | 2013-10-30 | المكتبة المركزية بالمجمعة (CL) | 00402946 | المكتبة المركزية بالمجمعة (CL) | 2013-10-30 | كتاب | Dewey Decimal Classification | ||||
| 2013-10-30 | 610.284 ROH | 2013-10-30 | المكتبة المركزية بالمجمعة (CL) | 00402947 | المكتبة المركزية بالمجمعة (CL) | 2013-10-30 | كتاب | Dewey Decimal Classification | ||||
| 2013-10-30 | 610.284 ROH | 2013-10-30 | المكتبة المركزية بالمجمعة (CL) | 00402948 | المكتبة المركزية بالمجمعة (CL) | 2013-10-30 | كتاب | Dewey Decimal Classification | ||||
| 2013-10-30 | 610.284 ROH | 2013-10-30 | مكتبة مجمع الكليات بالزلفى - طلاب (SZM) | 00402949 | مكتبة مجمع الكليات بالزلفى - طلاب (SZM) | 2013-10-30 | كتاب | Dewey Decimal Classification | ||||
| 2013-10-30 | 610.284 ROH | 2013-10-30 | مكتبة مجمع الكليات بالزلفى - طلاب (SZM) | 00402950 | مكتبة مجمع الكليات بالزلفى - طلاب (SZM) | 2013-10-30 | كتاب | Dewey Decimal Classification | ||||
| 2013-10-30 | 610.284 ROH | 2013-10-30 | مكتبة مجمع الكليات بالزلفى - طلاب (SZM) | 00402951 | مكتبة مجمع الكليات بالزلفى - طلاب (SZM) | 2013-10-30 | كتاب | Dewey Decimal Classification |
